[Event "66.Semifinale Camp. Italiano"]
[Site "Cortina d'Ampezzo ITA"]
[Date "2006.07.10"]
[Round "2.13"]
[White "Frigieri, Fabrizio"]
[Black "Ricci, Marco"]
[Result "0-1"]
[WhiteElo "2098"]
[BlackElo "2150"]
[Annotator "Gabriele Ballarin"]
[PlyCount "92"]
[EventDate "2006.07.09"]
[EventType "swiss"]
[EventRounds "9"]
[EventCountry "ITA"]

1. e4 e6 2. d4 d5 3. Nc3 Nf6 4. Bg5 Be7 5. e5 Nfd7 6. h4 a6 7. Qg4 Bxg5 8. hxg5 c5 9. g6 f5 10. Qg3 h6 11. Nf3 Nc6 12. Ng5 Qe7 13. Nf7 O-O 14. Nxh6+ gxh6 15. Rxh6 Ndxe5 16. dxe5 Qg7 17. Qh3 Nxe5 18. Be2 Nxg6 19. O-O-O d4 20. Qh5 Nf4 21. Qh2 Qg5 22. Kb1 dxc3 23. Rh8+ Kf7 24. Rxf8+ Kxf8 25. Qh8+ Kf7 $138 26. Rh1 Ke7 27. Rh7+ Kd6 28. Qf8+ Kc6 29. Bf3+ $138 Nd5 30. Qf7 Qd8 31. Rh5 Qd6 32. Rh8 b5 33. Qe8+ Kb6 34. Qf7 Bb7 35. Rh7 Bc6 36. Rh6 Re8 37. Rh7 Re7 38. Qg6 Rxh7 39. Qxh7 Nf6 40. Qh3 Bxf3 41. Qxf3 Qd5 42. Qe2 Qe4 43. Qd1 Qd4 44. Qe1 Ne4 45. f3 Nd2+ 46. Kc1 cxb2+ 0-1

[Event "66.Semifinale Camp. Italiano"]
[Site "Cortina d'Ampezzo ITA"]
[Date "2006.07.10"]
[Round "2.14"]
[White "Vocaturo, Daniele"]
[Black "Campini, Marco"]
[Result "1-0"]
[WhiteElo "2410"]
[BlackElo "2100"]
[Annotator "Gabriele Ballarin"]
[PlyCount "71"]
[EventDate "2006.07.09"]
[EventType "swiss"]
[EventRounds "9"]
[EventCountry "ITA"]

1. e4 d6 2. d4 Nd7 3. Nf3 c6 4. Nc3 e5 5. a4 Be7 6. Bc4 Qc7 7. O-O Nf8 8. h3 h6 9. Qe2 g5 10. dxe5 dxe5 11. Rd1 Ng6 12. Nh2 h5 13. Be3 Nf4 14. Bxf4 gxf4 15. Nf3 Rh7 16. Rd3 Be6 17. Bxe6 fxe6 18. Rad1 Rd8 19. Rxd8+ Bxd8 20. Qc4 Rh6 21. Qc5 Qb8 22. Qxe5 Qxe5 23. Nxe5 Bf6 24. Nd3 Bxc3 25. bxc3 Rf6 26. Nc5 b6 27. Nd7 Rh6 28. Ne5 Nf6 29. f3 c5 30. Nd3 Ke7 31. Nxf4 h4 32. Kf2 Nd7 33. a5 b5 34. a6 e5 35. Nd5+ Kd8 36. Ra1 1-0

[Event "66.Semifinale Camp. Italiano"]
[Site "Cortina d'Ampezzo ITA"]
[Date "2006.07.10"]
[Round "2.15"]
[White "Astengo, Corrado"]
[Black "Guido, Flavio"]
[Result "1/2-1/2"]
[WhiteElo "2119"]
[BlackElo "2323"]
[Annotator "Gabriele Ballarin"]
[PlyCount "90"]
[EventDate "2006.07.09"]
[EventType "swiss"]
[EventRounds "9"]
[EventCountry "ITA"]

1. e4 c5 2. Nf3 e6 3. d4 cxd4 4. Nxd4 Nf6 5. Nc3 d6 6. g4 Nc6 7. g5 Nd7 8. Be3 a6 9. Rg1 Qc7 10. Qh5 Nxd4 11. Bxd4 b5 12. a3 Ne5 13. O-O-O Nc6 14. Rg3 g6 15. Qf3 Nxd4 16. Rxd4 Rb8 17. Qf6 Rg8 18. Qf3 Bg7 19. Rb4 Bd7 20. e5 d5 21. Rh4 Rh8 22. Bd3 Qxe5 23. Kb1 a5 24. Rf4 Rf8 25. Rgg4 Qe1+ 26. Ka2 Bxc3 27. bxc3 Qxc3 28. Qg3 e5 29. Rd4 Qc7 30. Rh4 Rb7 31. Rxd5 Be6 32. Qf3 Qc5 33. c4 Bxd5 34. cxd5 Rd7 35. Be4 Qc4+ 36. Kb1 Rxd5 37. Bxd5 Qxh4 38. Bc6+ Kd8 39. Qd5+ Kc7 40. Qd7+ Kb6 41. Qb7+ Kc5 42. Qxb5+ Kd6 43. Qd5+ Kc7 44. Qd7+ Kb6 45. Qb7+ Kc5 1/2-1/2

[Event "66.Semifinale Camp. Italiano"]
[Site "Cortina d'Ampezzo ITA"]
[Date "2006.07.10"]
[Round "2.16"]
[White "Astengo, Marcello"]
[Black "Navarro, Stefano"]
[Result "1/2-1/2"]
[WhiteElo "2109"]
[BlackElo "2224"]
[Annotator "Gabriele Ballarin"]
[PlyCount "107"]
[EventDate "2006.07.09"]
[EventType "swiss"]
[EventRounds "9"]
[EventCountry "ITA"]

1. d4 d5 2. c4 e6 3. Nc3 c6 4. Bf4 Nf6 5. e3 Nbd7 6. Bd3 Be7 7. h3 O-O 8. Nf3 dxc4 9. Bxc4 b5 10. Bd3 Bb7 11. O-O b4 12. Ne2 c5 13. Ne5 cxd4 14. exd4 Nxe5 15. Bxe5 Nd5 16. Rc1 Bd6 17. Ng3 Bxe5 18. dxe5 Nf4 19. Be4 Bxe4 20. Nxe4 Qd5 21. Qxd5 exd5 22. Ng3 Rfe8 23. Rfd1 Rxe5 24. Rd4 g5 25. Rc6 a5 26. h4 Ne2+ 27. Nxe2 Rxe2 28. Rxd5 Rxb2 29. Rxg5+ Kf8 30. Rh6 Rxa2 31. Rxh7 Ke7 32. Rf5 Rf8 33. Rb5 Ra3 34. Rhh5 Ra8 35. Rb7+ Kf6 36. g4 b3 37. Rf5+ Ke6 38. Rfxf7 Rd8 39. g5 a4 40. g6 Ra1+ 41. Kg2 Rc1 42. Rb6+ Ke5 43. Ra7 Rc4 44. Ra5+ Kd4 45. h5 Kc3 46. Kg3 Rb4 47. Rc5+ Kd4 48. Rcc6 Rxb6 49. Rxb6 Kc5 50. Rb7 Kc6 51. Rb4 Kc5 52. Rb7 Kc6 53. Rb4 Kc5 54. Rb7 1/2-1/2

[Event "66.Semifinale Camp. Italiano"]
[Site "Cortina d'Ampezzo ITA"]
[Date "2006.07.10"]
[Round "2.17"]
[White "Pizzuto, Samuele Tullio"]
[Black "Melotti, Dario"]
[Result "1-0"]
[WhiteElo "2201"]
[BlackElo "2116"]
[Annotator "Gabriele Ballarin"]
[PlyCount "107"]
[EventDate "2006.07.09"]
[EventType "swiss"]
[EventRounds "9"]
[EventCountry "ITA"]

1. d4 Nf6 2. Nc3 d5 3. Bg5 Nbd7 4. e3 h6 5. Bf4 c6 6. Qf3 Qa5 7. Bd3 g5 8. Bg3 Nc5 9. Be5 Nce4 10. Bxe4 dxe4 11. Qd1 Bg7 12. Qd2 Bf5 13. Nge2 O-O 14. Ng3 Bg6 15. h4 Rfd8 16. hxg5 hxg5 17. Bxf6 Bxf6 18. Ncxe4 Qd5 19. Nxf6+ exf6 20. O-O f5 21. f4 f6 22. Qd3 Rf8 23. Qb3 Qxb3 24. axb3 a6 25. b4 Rf7 26. Kf2 Re8 27. Rfe1 Rd7 28. c3 Rde7 29. Re2 Kg7 30. Ra5 gxf4 31. exf4 Rxe2+ 32. Nxe2 Kf7 33. Ng3 Ke6 34. Nf1 Ra8 35. Ne3 b6 36. Ra1 Kd6 37. Rh1 Rg8 38. Rh6 Ke6 39. Nc4 c5 40. bxc5 bxc5 41. dxc5 Kd5 42. Ne3+ Kxc5 43. Nxf5 Bxf5 44. Rh5 Kb6 45. Rxf5 Rg6 46. Kf3 Kc6 47. b4 Kb6 48. g4 Rh6 49. Rc5 Rg6 50. g5 fxg5 51. fxg5 Re6 52. Kf4 Re1 53. g6 Rg1 54. Rg5 1-0

[Event "66.Semifinale Camp. Italiano"]
[Site "Cortina d'Ampezzo ITA"]
[Date "2006.07.10"]
[Round "2.18"]
[White "Caracci, Giuseppe"]
[Black "Bonafede, Alessandro"]
[Result "1/2-1/2"]
[WhiteElo "2069"]
[BlackElo "2175"]
[Annotator "Gabriele Ballarin"]
[PlyCount "64"]
[EventDate "2006.07.09"]
[EventType "swiss"]
[EventRounds "9"]
[EventCountry "ITA"]

1. Nf3 f5 2. g3 Nf6 3. Bg2 d6 4. d4 g6 5. c4 Bg7 6. O-O O-O 7. Nc3 Qe8 8. d5 a5 9. Nd4 Na6 10. e4 fxe4 11. Nxe4 Nxe4 12. Bxe4 Nc5 13. Bg2 Bd7 14. Re1 Qf7 15. Be3 Kh8 16. Qd2 a4 17. Rad1 Rae8 18. Bg5 e5 19. dxe6 Nxe6 20. Nxe6 Bxe6 21. b3 axb3 22. axb3 c6 23. Be3 Bg4 24. Rc1 Qf6 25. Bf4 Qb2 26. Rxe8 Rxe8 27. Re1 Rxe1+ 28. Qxe1 Be5 29. Bxe5+ dxe5 30. h3 Bf5 31. Qb4 Qa1+ 32. Kh2 Qa8 1/2-1/2

[Event "66.Semifinale Camp. Italiano"]
[Site "Cortina d'Ampezzo ITA"]
[Date "2006.07.10"]
[Round "2.19"]
[White "Pechy, Alaster"]
[Black "Milazzo, Mario"]
[Result "1-0"]
[WhiteElo "2169"]
[BlackElo "2110"]
[Annotator "M. Milazzo"]
[PlyCount "99"]
[EventDate "2006.07.09"]
[EventType "swiss"]
[EventRounds "9"]
[EventCountry "ITA"]

1. Nf3 f5 2. c4 Nf6 3. Nc3 d6 4. d4 g6 5. b3 Bg7 6. Bb2 a5 7. Qc2 Na6 8. a3 c6 9. e3 Bd7 10. Bd3 Rc8 11. Qe2 Nc7 12. e4 fxe4 13. Nxe4 Nxe4 14. Bxe4 O-O 15. h3 e6 16. O-O Qe7 17. Bd3 Rf7 18. Rad1 Rcf8 19. Nh2 Qh4 20. Qg4 Qf6 21. Qg3 Qe7 22. f4 c5 23. Bb1 cxd4 24. Bxd4 Bxd4+ 25. Rxd4 e5 26. fxe5 Rxf1+ 27. Nxf1 dxe5 28. Rd1 Bc6 29. Ne3 Kh8 30. Ng4 Re8 31. Re1 e4 32. Bxe4 Qc5+ 33. Kh2 Rxe4 34. Rxe4 Bxe4 35. Qc3+ Kg8 36. Nf6+ Kf7 37. Nxe4 Qc6 38. Qe5 Ne8 39. c5 Qc7 40. Qxc7+ Nxc7 41. Nd6+ Ke6 42. Nxb7 a4 43. bxa4 Kd5 44. Kg3 Kc6 45. Nd8+ Kxc5 46. Kf4 Kd5 47. Kg5 Ne8 48. a5 Kc5 49. a4 Nd6 50. Nb7+ 1-0

[Event "66.Semifinale Camp. Italiano"]
[Site "Cortina d'Ampezzo ITA"]
[Date "2006.07.10"]
[Round "2.21"]
[White "Facchetti, Gianni"]
[Black "Gianfelici, Edoardo"]
[Result "1-0"]
[WhiteElo "2133"]
[BlackElo "2069"]
[Annotator "Gabriele Ballarin"]
[PlyCount "77"]
[EventDate "2006.07.09"]
[EventType "swiss"]
[EventRounds "9"]
[EventCountry "ITA"]

1. e4 c5 2. Nf3 d6 3. d4 cxd4 4. Qxd4 Nc6 5. Bb5 Bd7 6. Bxc6 Bxc6 7. c4 Nf6 8. Nc3 g6 9. O-O Bg7 10. Be3 O-O 11. Qd3 Qa5 12. Bd4 e5 13. Be3 h6 14. Rfd1 Rad8 15. Nd2 a6 16. f3 b5 17. b3 b4 18. Ne2 Ne8 19. Ng3 Nc7 20. Ndf1 Ne6 21. Qd2 h5 22. a3 Rb8 23. axb4 Qc7 24. Rxa6 h4 25. Ne2 f5 26. Qxd6 Qxd6 27. Rxd6 Bb7 28. Rab6 fxe4 29. Rxe6 exf3 30. gxf3 Rxf3 31. Re7 Rbf8 32. Rbxb7 Rxf1+ 33. Kg2 h3+ 34. Kxh3 R8f3+ 35. Ng3 Rxe3 36. Rxg7+ Kf8 37. Rxg6 Rxb3 38. Re6 Rf5 39. Rc6 1-0

[Event "66.Semifinale Camp. Italiano"]
[Site "Cortina d'Ampezzo ITA"]
[Date "2006.07.10"]
[Round "2.22"]
[White "Alberton, Roberto"]
[Black "Laghetti, Gaetano"]
[Result "1-0"]
[WhiteElo "2128"]
[BlackElo "1972"]
[Annotator "Gabriele Ballarin"]
[PlyCount "71"]
[EventDate "2006.07.09"]
[EventType "swiss"]
[EventRounds "9"]
[EventCountry "ITA"]

1. e4 c5 2. Nf3 d6 3. d4 cxd4 4. Nxd4 Nf6 5. Nc3 a6 6. Be3 e5 7. Nb3 Be6 8. Be2 Be7 9. O-O b5 10. a4 b4 11. Nd5 Nxd5 12. exd5 Bf5 13. a5 Qc8 14. Bd3 Bxd3 15. Qxd3 Nd7 16. Rfd1 Rb8 17. Ra4 Rb5 18. Bd2 Qb7 19. Qc4 O-O 20. Rxb4 Rc8 21. Rxb5 axb5 22. Qd3 Rc4 23. Bc3 Bf6 24. Qe2 Bd8 25. h3 Nf6 26. Nd2 Rc8 27. Ne4 Nxe4 28. Qxe4 Rc4 29. Qd3 Qc7 30. Ra1 b4 31. Bd2 Rd4 32. Qb5 Kf8 33. Be3 Rh4 34. a6 Qc8 35. a7 Rxh3 36. a8=Q 1-0

[Event "66.Semifinale Camp. Italiano"]
[Site "Cortina d'Ampezzo ITA"]
[Date "2006.07.10"]
[Round "2.23"]
[White "Gaspari, Mauro"]
[Black "Fontana, Enrico"]
[Result "0-1"]
[WhiteElo "1805"]
[BlackElo "2122"]
[Annotator "Gabriele Ballarin"]
[PlyCount "74"]
[EventDate "2006.07.09"]
[EventType "swiss"]
[EventRounds "9"]
[EventCountry "ITA"]

1. c4 e6 2. Nc3 d5 3. cxd5 exd5 4. Nf3 Nf6 5. g3 c6 6. d4 Bd6 7. Bg2 O-O 8. O-O Re8 9. Qd3 Bg4 10. Bg5 Nbd7 11. Nh4 h6 12. Bxf6 Nxf6 13. f3 Be6 14. Rad1 Qb6 15. e4 dxe4 16. fxe4 Rad8 17. Nf5 Bxf5 18. Rxf5 Be5 19. Ne2 c5 20. Qc4 cxd4 21. Nf4 Rc8 22. Qd3 g6 23. Rxf6 Qxf6 24. Nd5 Qg5 25. Rd2 Rc1+ 26. Kf2 Rec8 27. h4 Qxd2+ 28. Qxd2 R8c2 29. Ke2 Rxd2+ 30. Kxd2 Rg1 31. Bf3 Rxg3 32. Be2 Kf8 33. b4 g5 34. hxg5 hxg5 35. a4 Ra3 36. a5 Bf4+ 37. Kd1 d3 0-1

[Event "66.Semifinale Camp. Italiano"]
[Site "Cortina d'Ampezzo ITA"]
[Date "2006.07.11"]
[Round "3.2"]
[White "Piscopo, Pierluigi"]
[Black "Genocchio, Daniele"]
[Result "1-0"]
[WhiteElo "2393"]
[BlackElo "2345"]
[Annotator "Gabriele Ballarin"]
[PlyCount "75"]
[EventDate "2006.07.09"]
[EventType "swiss"]
[EventRounds "9"]
[EventCountry "ITA"]

{[%evp 0,59,27,45,37,18,39,11,15,-29,26,-42,21,-54,34,29,57,62,71,33,95,101,98,70,85,72,99,112,95,89,89,84,84,86,118,50,28,37,41,41,41,28,50,45,60,52,116,101,103,85,97,92,88,99,111,114,77,77,28,32,32,40]} 1. e4 e5 2. Nf3 Nc6 3. Bb5 a6 4. Ba4 d6 5. c3 Be7 6. O-O Bf6 7. d4 Bd7 8. d5 Nb8 9. c4 b5 10. Bc2 Ne7 11. a4 bxc4 12. Nfd2 Bg5 13. Nxc4 Bxc1 14. Qxc1 O-O 15. Nc3 Ng6 16. b4 f5 17. exf5 Bxf5 18. Ne3 Bxc2 19. Qxc2 Nd7 20. Ne4 Rb8 21. Rab1 Nh4 22. Rfc1 Rc8 23. Qd3 Ra8 24. a5 h6 25. Rb2 Ra7 26. Rc6 Rf4 27. f3 Nf6 28. Rxa6 Rxa6 29. Qxa6 Nxe4 30. fxe4 Rxe4 31. Qd3 Rd4 32. Qc3 Qb8 33. b5 Qa7 34. Rb1 Re4 35. b6 cxb6 36. axb6 Qa2 37. Qc8+ Kh7 38. Qc2 1-0

[Event "66.Semifinale Camp. Italiano"]
[Site "Cortina d'Ampezzo ITA"]
[Date "2006.07.11"]
[Round "3.3"]
[White "Mogranzini, Roberto"]
[Black "Scalcione, Michelangelo"]
[Result "1/2-1/2"]
[WhiteElo "2353"]
[BlackElo "2267"]
[Annotator "Gabriele Ballarin"]
[PlyCount "73"]
[EventDate "2006.07.09"]
[EventType "swiss"]
[EventRounds "9"]
[EventCountry "ITA"]

1. e4 d6 2. d4 Nf6 3. Nc3 e5 4. Nf3 exd4 5. Nxd4 Be7 6. g3 d5 7. e5 Ng4 8. Bg2 Nxe5 9. Qe2 Nec6 10. Be3 Nxd4 11. Bxd4 O-O 12. Nxd5 Bb4+ 13. Nxb4 Qxd4 14. c3 Qc5 15. Nd5 Nc6 16. b4 Qd6 17. Rd1 Bf5 18. O-O Rae8 19. Qb5 Bc8 20. Qa4 Bg4 21. f3 Bf5 22. Qb5 Bc8 23. Qc5 Qxc5+ 24. bxc5 Re2 25. Rf2 Rxf2 26. Kxf2 Be6 27. Nxc7 Bxa2 28. Nb5 a5 29. f4 Rd8 30. Nd6 a4 31. Ra1 Bb3 32. Ke3 Na5 33. Bf1 b6 34. Bb5 bxc5 35. Bxa4 Nc4+ 36. Nxc4 Bxc4 37. Rd1 {=} 1/2-1/2

[Event "66.Semifinale Camp. Italiano"]
[Site "Cortina d'Ampezzo ITA"]
[Date "2006.07.11"]
[Round "3.5"]
[White "Satta, Vladimiro"]
[Black "Brunello, Sabino"]
[Result "1/2-1/2"]
[WhiteElo "2221"]
[BlackElo "2391"]
[Annotator "Gabriele Ballarin"]
[PlyCount "79"]
[EventDate "2006.07.09"]
[EventType "swiss"]
[EventRounds "9"]
[EventCountry "ITA"]

1. c4 e6 2. g3 Nf6 3. Bg2 d5 4. d4 Be7 5. Nf3 O-O 6. O-O dxc4 7. Qc2 a6 8. a4 Bd7 9. Qxc4 b5 10. Qc2 Nc6 11. Ne5 Nb4 12. Qd1 Rb8 13. axb5 Bxb5 14. Nc3 Be8 15. e4 Nd7 16. Nc4 Nb6 17. Nxb6 Rxb6 18. Be3 Rb8 19. Qe2 Bc6 20. Rfd1 Bb7 21. Na4 Qe8 22. Qc4 Bc6 23. Nc5 Bxc5 24. Qxc5 Rb5 25. Qc4 Qa8 26. Bd2 Rfb8 27. Bxb4 Rxb4 28. Qxa6 Qxa6 29. Rxa6 Be8 30. Ra7 c6 31. d5 cxd5 32. exd5 exd5 33. Bxd5 Rxb2 34. Ra8 Kf8 35. Rxb8 Rxb8 36. Re1 Rd8 37. Bf3 Rd2 38. h4 Bb5 39. Rd1 Ra2 40. Bd5 1/2-1/2

[Event "66.Semifinale Camp. Italiano"]
[Site "Cortina d'Ampezzo ITA"]
[Date "2006.07.11"]
[Round "3.8"]
[White "Borgo, Giulio"]
[Black "Pantaleoni, Claudio"]
[Result "1/2-1/2"]
[WhiteElo "2414"]
[BlackElo "2222"]
[Annotator "Gabriele Ballarin"]
[PlyCount "25"]
[EventDate "2006.07.09"]
[EventType "swiss"]
[EventRounds "9"]
[EventCountry "ITA"]

1. e4 e6 2. c4 d5 3. exd5 exd5 4. d4 Nf6 5. Nc3 Bb4 6. h3 O-O 7. Qb3 Nc6 8. Nf3 Qe7+ 9. Be3 Na5 10. Qc2 Nxc4 11. Bxc4 dxc4 12. O-O Bxc3 13. Qxc3 1/2-1/2

[Event "66.Semifinale Camp. Italiano"]
[Site "Cortina d'Ampezzo ITA"]
[Date "2006.07.11"]
[Round "3.9"]
[White "Pechy, Alaster"]
[Black "Vocaturo, Daniele"]
[Result "0-1"]
[WhiteElo "2169"]
[BlackElo "2410"]
[Annotator "Gabriele Ballarin"]
[PlyCount "42"]
[EventDate "2006.07.09"]
[EventType "swiss"]
[EventRounds "9"]
[EventCountry "ITA"]

1. e4 c5 2. Nf3 d6 3. d4 cxd4 4. Nxd4 Nf6 5. Nc3 g6 6. Be3 Bg7 7. f3 O-O 8. Bc4 Nc6 9. Qd2 Bd7 10. O-O-O Qa5 11. Kb1 Rfc8 12. Bb3 Ne5 13. g4 Nc4 14. Bxc4 Rxc4 15. h4 Rac8 16. h5 Rxc3 17. bxc3 Bxg4 18. h6 Bxf3 19. hxg7 Nxe4 20. Qh2 Nxc3+ 21. Kc1 Qa3+ 0-1

[Event "66.Semifinale Camp. Italiano"]
[Site "Cortina d'Ampezzo ITA"]
[Date "2006.07.11"]
[Round "3.10"]
[White "Rombaldoni, Axel"]
[Black "Vezzosi, Paolo"]
[Result "1-0"]
[WhiteElo "2169"]
[BlackElo "2356"]
[Annotator "Gabriele Ballarin"]
[PlyCount "47"]
[EventDate "2006.07.09"]
[EventType "swiss"]
[EventRounds "9"]
[EventCountry "ITA"]

1. e4 e6 2. d4 d5 3. Nc3 dxe4 4. Nxe4 Bd7 5. Bd3 Bc6 6. Ne2 Nf6 7. Nxf6+ Qxf6 8. f3 Bd6 9. Be3 Qh4+ 10. Bf2 Qg5 11. Bg3 Nd7 12. Qd2 Qxd2+ 13. Kxd2 O-O-O 14. Rad1 h5 15. Bxd6 cxd6 16. h4 Nf6 17. c4 Rhg8 18. b4 g5 19. b5 Bd7 20. hxg5 Rxg5 21. g3 e5 22. Rh4 Kc7 23. f4 exf4 24. Rxf4 1-0

[Event "66.Semifinale Camp. Italiano"]
[Site "Cortina d'Ampezzo ITA"]
[Date "2006.07.11"]
[Round "3.11"]
[White "Franchini, Gabriele"]
[Black "Ubezio, Marco"]
[Result "1/2-1/2"]
[WhiteElo "2292"]
[BlackElo "2161"]
[Annotator "Gabriele Ballarin"]
[PlyCount "29"]
[EventDate "2006.07.09"]
[EventType "swiss"]
[EventRounds "9"]
[EventCountry "ITA"]

1. d4 Nf6 2. c4 c6 3. Nf3 d5 4. Nc3 a6 5. Bg5 Ne4 6. Bf4 Qa5 7. Qb3 dxc4 8. Qxc4 Be6 9. Qa4 Qxa4 10. Nxa4 Nd7 11. Ne5 g5 12. Nxd7 gxf4 13. Ndc5 Nxc5 14. Nxc5 Bd5 15. Nd3 1/2-1/2

[Event "66.Semifinale Camp. Italiano"]
[Site "Cortina d'Ampezzo ITA"]
[Date "2006.07.11"]
[Round "3.12"]
[White "Brancaleoni, Maurizio"]
[Black "Facchetti, Gianni"]
[Result "1-0"]
[WhiteElo "2275"]
[BlackElo "2133"]
[Annotator "Gabriele Ballarin"]
[PlyCount "131"]
[EventDate "2006.07.09"]
[EventType "swiss"]
[EventRounds "9"]
[EventCountry "ITA"]

1. Nc3 e5 2. Nf3 d6 3. d4 Nd7 4. e4 Be7 5. Bc4 c6 6. dxe5 dxe5 7. Ng5 Bxg5 8. Qh5 g6 9. Qxg5 Qxg5 10. Bxg5 f6 11. Be3 Ne7 12. a4 Nf8 13. a5 Be6 14. Be2 Nd7 15. O-O Kf7 16. Rfd1 Rhb8 17. Nb1 Nc8 18. Nd2 Ke7 19. Nc4 b5 20. axb6 axb6 21. f3 Rxa1 22. Rxa1 Kd8 23. Kf2 Kc7 24. h4 Rb7 25. g4 Ra7 26. Rxa7+ Nxa7 27. g5 f5 28. exf5 Bxf5 29. c3 Nc8 30. f4 e4 31. Bd4 Ne7 32. Ne3 Be6 33. Be5+ Nxe5 34. fxe5 Kd7 35. Kg3 b5 36. Kf4 Bf5 37. b4 Ke6 38. Bd1 Kf7 39. Bb3+ Kf8 40. h5 Kg7 41. h6+ Kf8 42. Nc2 Ke8 43. Nd4 Kd7 44. Bf7 Bh3 45. Bb3 Bf5 46. Nxf5 Nxf5 47. Kxe4 Ne7 48. Bf7 Kc7 49. Be6 Kb7 50. Kd4 Kb6 51. Bg4 Nd5 52. Bf3 Nf4 53. Bg4 Nd5 54. e6 Kc7 55. Ke5 Kd8 56. Kd6 Ne7 57. Bf3 Nf5+ 58. Ke5 Kc7 59. Be4 Ne7 60. Bd3 Kd8 61. Kd6 Ke8 62. Be4 Kd8 63. Bxc6 Nf5+ 64. Ke5 Ke7 65. Bxb5 Nh4 66. Bd3 1-0

[Event "66.Semifinale Camp. Italiano"]
[Site "Cortina d'Ampezzo ITA"]
[Date "2006.07.11"]
[Round "3.13"]
[White "Martorelli, Antonio"]
[Black "Alberton, Roberto"]
[Result "1-0"]
[WhiteElo "2264"]
[BlackElo "2128"]
[Annotator "Gabriele Ballarin"]
[PlyCount "69"]
[EventDate "2006.07.09"]
[EventType "swiss"]
[EventRounds "9"]
[EventCountry "ITA"]

1. e4 e6 2. d4 d5 3. Nc3 dxe4 4. Nxe4 Nd7 5. Nf3 Ngf6 6. Bg5 Be7 7. Nxf6+ Nxf6 8. Bd3 O-O 9. Qe2 c5 10. O-O-O Qc7 11. h4 Rd8 12. Kb1 Bd7 13. d5 exd5 14. Qxe7 Re8 15. Bxf6 Rxe7 16. Bxe7 c4 17. Bf1 Be6 18. Bg5 f6 19. Be3 b5 20. Nd4 Bd7 21. g3 Rd8 22. Bg2 Qb7 23. h5 b4 24. h6 g6 25. Ne2 Bg4 26. Rxd5 Qe7 27. Nf4 Rc8 28. Rd4 b3 29. Bd5+ Kh8 30. axb3 cxb3 31. Bxb3 Bf5 32. Rhd1 Qc7 33. Rc4 Qb7 34. Rxc8+ Qxc8 35. Bd4 1-0

[Event "66.Semifinale Camp. Italiano"]
[Site "Cortina d'Ampezzo ITA"]
[Date "2006.07.11"]
[Round "3.14"]
[White "Fontana, Enrico"]
[Black "Luciani, Valerio"]
[Result "1-0"]
[WhiteElo "2122"]
[BlackElo "2232"]
[Annotator "Gabriele Ballarin"]
[PlyCount "111"]
[EventDate "2006.07.09"]
[EventType "swiss"]
[EventRounds "9"]
[EventCountry "ITA"]

1. d4 d5 2. c4 c6 3. Nf3 Nf6 4. Nc3 dxc4 5. a4 Bf5 6. e3 e6 7. Bxc4 Bb4 8. O-O O-O 9. Qe2 Nbd7 10. e4 Bg6 11. e5 Nd5 12. Ne4 Be7 13. Rd1 N7b6 14. Bd3 Nb4 15. Bb1 N6d5 16. Nc3 Bxb1 17. Rxb1 Qa5 18. Bg5 Rab8 19. Nxd5 Nxd5 20. Bxe7 Nxe7 21. Qc2 Rfd8 22. Ng5 Ng6 23. h4 Qb4 24. h5 Nf8 25. Qc3 {=} Qxc3 26. bxc3 f5 27. Rd2 h6 28. Nf3 Kf7 29. Rdb2 b6 30. Nd2 Ke7 31. Nc4 {=} Kd7 32. f4 Kc7 33. Kf2 Rd5 34. a5 b5 35. Nd6 a6 36. Ke3 Nd7 37. c4 Rxd6 38. exd6+ Kxd6 39. cxb5 {=} axb5 40. Rc1 Ra8 41. Rbc2 Ra6 42. g4 fxg4 43. f5 exf5 44. Kf4 Nf6 45. Kxf5 Nxh5 46. Kxg4 g6 47. Kf3 Ng7 48. Rg2 g5 49. Ke4 Rxa5 50. Rh1 b4 51. Rxh6+ Ne6 52. Rb2 Rb5 53. Rb3 Ke7 54. Kd3 g4 55. Kc4 Rg5 56. Re3 1-0

[Event "66.Semifinale Camp. Italiano"]
[Site "Cortina d'Ampezzo ITA"]
[Date "2006.07.11"]
[Round "3.15"]
[White "Capata, Ion"]
[Black "Pizzuto, Samuele Tullio"]
[Result "1/2-1/2"]
[WhiteElo "2110"]
[BlackElo "2201"]
[Annotator "Gabriele Ballarin"]
[PlyCount "38"]
[EventDate "2006.07.09"]
[EventType "swiss"]
[EventRounds "9"]
[EventCountry "ITA"]

1. e4 d5 2. exd5 Qxd5 3. Nc3 Qd6 4. Nf3 Nf6 5. Bc4 a6 6. h3 b5 7. Bb3 e6 8. d4 Nbd7 9. Ne2 c5 10. c3 Bb7 11. Ng3 cxd4 12. Qxd4 Qxd4 13. cxd4 Bb4+ 14. Ke2 Rc8 15. a3 Bd6 16. Bd2 O-O 17. Rac1 Nb6 18. Rxc8 Rxc8 19. Rc1 Rxc1 1/2-1/2

[Event "66.Semifinale Camp. Italiano"]
[Site "Cortina d'Ampezzo ITA"]
[Date "2006.07.11"]
[Round "3.16"]
[White "Guido, Flavio"]
[Black "Pomaro, Alberto"]
[Result "1-0"]
[WhiteElo "2323"]
[BlackElo "2046"]
[Annotator "Gabriele Ballarin"]
[PlyCount "55"]
[EventDate "2006.07.09"]
[EventType "swiss"]
[EventRounds "9"]
[EventCountry "ITA"]

1. e4 e6 2. d4 d5 3. e5 c5 4. c3 Nc6 5. Nf3 Qb6 6. Be2 cxd4 7. cxd4 Nge7 8. Na3 Nf5 9. Nc2 Be7 10. O-O Bd7 11. Kh1 h5 12. Bd3 O-O-O 13. b4 Kb8 14. Bd2 Rc8 15. a4 Qd8 16. Qe1 Ka8 17. b5 Nb8 18. Ba5 Qe8 19. Qd2 Rg8 20. Rfb1 g5 21. Bb6 Bd8 22. Bxa7 Kxa7 23. b6+ Bxb6 24. Qb4 Qd8 25. a5 Na6 26. axb6+ Kb8 27. Bxa6 Rxc2 28. Bd3 1-0

[Event "66.Semifinale Camp. Italiano"]
[Site "Cortina d'Ampezzo ITA"]
[Date "2006.07.11"]
[Round "3.17"]
[White "Navarro, Stefano"]
[Black "Frigieri, Fabrizio"]
[Result "1-0"]
[WhiteElo "2224"]
[BlackElo "2098"]
[Annotator "Gabriele Ballarin"]
[PlyCount "45"]
[EventDate "2006.07.09"]
[EventType "swiss"]
[EventRounds "9"]
[EventCountry "ITA"]

1. e4 c5 2. Nf3 Nc6 3. d4 cxd4 4. Nxd4 Nf6 5. Nc3 d6 6. Bg5 e6 7. Qd2 a6 8. O-O-O h6 9. Bf4 Bd7 10. Nf3 e5 11. Bg3 b5 12. Qe1 Rc8 13. Kb1 Qc7 14. Bd3 Bg4 15. Nd5 Nxd5 16. exd5 Nb8 17. Nxe5 Bxd1 18. Nxf7+ Be7 19. Nxd6+ Kf8 20. Nxc8 Bxc2+ 21. Bxc2 Qxc8 22. Qe5 Nd7 23. Qe6 1-0

[Event "66.Semifinale Camp. Italiano"]
[Site "Cortina d'Ampezzo ITA"]
[Date "2006.07.11"]
[Round "3.18"]
[White "Bonafede, Alessandro"]
[Black "Astengo, Marcello"]
[Result "0-1"]
[WhiteElo "2175"]
[BlackElo "2109"]
[Annotator "Gabriele Ballarin"]
[PlyCount "86"]
[EventDate "2006.07.09"]
[EventType "swiss"]
[EventRounds "9"]
[EventCountry "ITA"]

1. e4 e6 2. d4 d5 3. e5 c5 4. c3 Nc6 5. Nf3 Bd7 6. a3 f6 7. b4 cxd4 8. cxd4 fxe5 9. dxe5 Nge7 10. Bd3 Qc7 11. O-O g6 12. Bb2 Bg7 13. Qe2 O-O 14. Nbd2 Rad8 15. b5 Na5 16. Rac1 Qb8 17. Bc3 b6 18. Bb4 Rfe8 19. Bd6 Qa8 20. Nd4 Rc8 21. N2b3 Nxb3 22. Nxb3 Nf5 23. Bxf5 gxf5 24. f4 Rc4 25. a4 {=} Rec8 26. Rxc4 Rxc4 27. Rc1 Rxa4 28. Rc7 Qe8 29. Qc2 Rxf4 30. Rxa7 Bxb5 31. g3 Rc4 32. Qd1 Ba4 33. Re7 Qg6 34. Rb7 f4 35. Rb8+ Kf7 36. Qf3 Qb1+ 37. Kg2 Qe4 38. Qxe4 dxe4 39. Rxb6 f3+ 40. Kf2 Rc2+ 41. Ke1 e3 42. Rb4 f2+ 43. Kf1 Bxb3 0-1